00913nam a2200253 a 4500001001000000003000900010005001700019007001000036008004100046020001800087040002200105092001500127100002400142245017100166260004600337300002700383700002300410700003100433700003300464942001200497952009700509956003800606999001500644000045756DO-SdBNP20170301111108.0000045756150511s2011 dr a 000 0 spa d z9789945879308 aBPMETbspacBPMET axxxxbxxxx1 aJiménez, Patricia14aUna vuelta por las estaciones del año /cPatricia Jiménez del Pozo ; ilustraciones Willy Ochoa ; revisión, edición Geraldine de Santis, Juan Carlos Jiménez. aSanto Domingo :bEdición BGtown,c2011. a51 p. :bil. ;c23 cm.12aOchoa, Willy,eil.12aSantis, Geraldine de,eed.12aJiménez, Juan Carlos,eed. 2ddccBK 00102ddc40708DOMaBPMETbBPMETd2015-05-18l0pBPMET15051756r2015-05-18w2015-05-18yBK aVMATEOb10c20150518lBPMSUh0069 c7888d7888